ओ, यायावर भिछु/ (Record no. 210719)

MARC details
000 -LEADER
fixed length control field 00672nam a22001817a 4500
005 - DATE AND TIME OF LATEST TRANSACTION
control field 20250403125412.0
010 ## - LCCN (DPL NO)
LC control number HIN-125573
020 ## - INTERNATIONAL STANDARD BOOK NUMBER
Terms of availability 40.00
035 ## - SYSTEM CONTROL NUMBER
System control number HN-97919
037 ## - SOURCE OF ACQUISITION
Source of stock number/acquisition DBAD
082 ## - DEWEY DECIMAL CLASSIFICATION NUMBER
Classification number 821
100 ## - MAIN ENTRY--PERSONAL NAME
Personal name कुमार, वीरेन्द्र
245 ## - TITLE STATEMENT
Title ओ, यायावर भिछु/
Statement of responsibility, etc वीरेन्द्र कुमार
260 ## - PUBLICATION, DISTRIBUTION, ETC. (IMPRINT)
Place of publication, distribution, etc दिल्ली
Name of publisher, distributor, etc विमल प्रकाशन
Date of publication, distribution, etc 1991
270 ## - ADDRESS
Address 313/31-एच, इन्द्रलोक,
City दिल्ली
Postal code 110035
300 ## - PHYSICAL DESCRIPTION
Extent 115पृ
Dimensions 22 सेमी (सजिल्द)
942 ## - ADDED ENTRY ELEMENTS (KOHA)
Institution code [OBSOLETE] dpl
Item type Hindi Books
Source of classification or shelving scheme Dewey Decimal Classification
Classification part 821
Call number suffix कुमार
Holdings
Withdrawn status Lost status Not for loan Collection code Home library Current library Date acquired Source of acquisition Cost, normal purchase price Full call number Barcode Copy number Cost, replacement price Koha item type
      Fiction Patel Nagar Patel Nagar 03/04/2025 DBAD 40.00 821 कुमार HN-101927 1 40.00 Hindi Books

© Delhi Public Library
Hit Counter
free hit counter